000 00625nam a2200205Ia 4500
001 40939
005 20170522111708.0
008 140424s9999 xx 000 0 und d
020 _a9780071496759
040 _cPK-LaUMT
082 _a658.32
_bCOM-
100 _aBerger, Dorothy R.
245 4 _aThe compensation handbook
_ba state-of-the-art guide to compensation strategy and design
_cBerger, Dorothy R.<>Berger, Lance A.
260 _aNew York,USA:
_bMcGraw-Hill,
_c2008
300 _a682 p.
546 _aEN
650 _aCompensation management-Handbooks, manuals, etc.
700 _aBerger, Lance A.
942 _cBK
999 _c40111
_d40111